000 01046nam a2200277Ia 4500
003 OSt
005 20221005110107.0
006 a|||||r|||| 00| 0
007 ta
008 221004b |||||||| |||| 00| 0 hin d
020 _a8172012896 (pbk)
_c75
024 _a92608
037 _b533, 19/03/2009, Vani Prakashan
_cTextual
040 _aCRL
_cCRL
_bhin
041 _2hin
_ahin
082 _aO152,3M56:g, N2
100 _aतिवारी, राम चन्द्र
245 0 _aप्रताप नारायण मिश्र
246 _aPratāp nārāyaṇ mishra
260 _aनई दिल्ली
_bसाहित्य अकादेमी भारत
_c1992
300 _a74पृ0
_ccm.
490 _aभारतीय साहित्य के निर्माता
650 _aहिन्दी साहित्य
942 _hO152,3M56:g, N2
_cTEXL
_2cc
999 _c1017771
_d1017771